000 00656 a2200217 4500
001 63529
005 20260407155933.0
008 260407a1973 arg spa d
003 AR-UNSa-BCEJYS
040 _aAR-UNSa-BCEJYS
_bspa
_cAR-UNSa-BCEJYS
080 _a004.42
_xProgramación de ordenadores. Programas de ordenador
245 1 0 _aTécnicas de programación de computadoras
020 _a978-0-13-902213-5
264 1 _aNew Jersey :
_bPrentice/Hall Internacional
_c1973
300 _axvii, 363 p.
_c23 cm.
041 _aspa
942 _cBK
590 _aniveau_biblio:m niveau_hierar:0
100 1 _aSherman, Philip M.
700 1 _aBollo, Ernesto
999 _c8214
_d8214